| 000 | 00748nam a22002177a 4500 | ||
|---|---|---|---|
| 003 | OSt | ||
| 005 | 20251129094334.0 | ||
| 008 | 251129b |||||||| |||| 00| 0 eng d | ||
| 040 |
_aDWC-Main lib _cOC |
||
| 082 | _aCirc. 612.813 Ur78p 1986 | ||
| 100 | _aUrone, P.P. | ||
| 245 |
_aPhysics with health science applications _cUrone, Paul Peter |
||
| 260 |
_aNew York : _bJohn Wiley & Sons, Inc., _c c1986 |
||
| 300 |
_axv, 496 pages : _c23 cm. |
||
| 504 | _aIncludes index | ||
| 650 | _2Biophysics | ||
| 650 | _2Biophysics examinations, questions, etc. | ||
| 650 | _2Medical physics | ||
| 650 | _2Medical physics - examinations, questions, etc. | ||
| 942 |
_2ddc _cBK-CIRC _hCirc. 612.813 Ur78p 1986 _kCirc. _n0 |
||
| 999 |
_c6588 _d6588 |
||